Responses for Show #9098 - Wednesday, May 8, 2024

Allison Gross game 2.

Contestants

[<< previous game]

Ben Mills, an operations director from Philadelphia, Pennsylvania

Kelcy LópezFreeman, a hospital pharmacist from Atlanta, Georgia

Allison Gross, a data scientist from Cleveland, Ohio (whose 1-day cash winnings total $9,599)

[next game >>]

Jeopardy! Round responses

NURSERY RHYME CHARACTERS
THE PLANETS
WORDS WITH SILENT CONSONANTS
THAT'S BANANAS
A RAPPER'S DELIGHT
THE FOLKS IN "I.T."
(Ken: We will need both names in each correct response.)
    $200 22
Little Miss Muffet

Allison
    $200 30
(Ken: Closest planet to the Sun, yes.)

Mercury

Allison
    $200 23
knuckles

Allison
    $200 24
potassium

Ben
    $200 11
André 3000

Ben
    $200 29
Ike Turner

Ben
    $400 13
Old Mother Hubbard

Kelcy
    $400 28
Jupiter

Allison
    $400 21
a psychic

Ben
    $400 20
Minions

Allison
    $400 10
skateboarding

Kelcy
    $400 25
Ivana Trump

Allison
    $600 7
Little Bo Peep

Kelcy
    $600 27
Uranus

Ben
    $600 15
a mortgage

Ben
    $600 19
a daiquiri

Kelcy
    $600 9
(Kelcy: What is freestyle?)

chess

Kelcy
Triple Stumper
    $600 18
Isiah Thomas

Kelcy
    $800 2
(Kelcy: Who is [*] be nimble?)
(Ken: [*] be nimble, [*] be quick, yeah.)

Jack

Kelcy
    $800 26
Neptune

Triple Stumper
    $800 5
debris

Allison
    $800 14
Banana Republic

Allison
    $800 3
ventriloquist

Ben
    $800 17
(Ken: There's an Academy Award named for him now, who is [*]?)

Irving Thalberg

Triple Stumper
    $1000 1
(Allison: Who is Simple Simon?)
...
(Ken: That would be [*] who stole the tarts.)

the Knave of Hearts

Allison
Triple Stumper
    $1,000 12
(Ben: What is Venus?)

Mars

Ben
    $1000 6
catacombs

Allison
    $1000 4
1876

Allison
    $1000 8
Donald Glover

Kelcy
    $1000 16
Ivan Turgenev

Triple Stumper

Scores at the first commercial break (after clue 15):

Allison Kelcy Ben
$2,600 $2,600 $600

Scores at the end of the Jeopardy! Round:

Allison Kelcy Ben
$4,400 $3,800 $2,000

Double Jeopardy! Round responses

18th CENTURY AMERICA
A LITTLE WORLD LIT
TIERS
TV & MOVIE MOMS
CLOSE
QUARTERS
    $400 28
(Kelcy: What is the First Federal Bank?)

the First Bank of the United States

Kelcy
Triple Stumper
    $400 25
(Ben: What is Greenland?)

Iceland

AllisonBen
    $400 26
a wedding cake

Allison
    $400 30
Riverdale

Allison
    $400 29
nigh

Allison
    $400 27
desert

Ben
    $800 11
Webster

Kelcy
    $800 20
Afghanistan

Allison
    $800 22
stadium seating

Kelcy
    $800 23
(Kelcy: Who is Roseanne Barr?)
(Ken: Uh, yeah, that's right, or [*].)
[Reversed after the break due to the clue needing the character and the not the actress.]

Roseanne Conner

Kelcy
Triple Stumper
    $800 18
Proxima

Allison
    $800 24
(Kelcy: What is the Roman Quarter?)

the Latin Quarter

AllisonKelcy
    $4,000 15
(Allison: What's an Allegheny?)

a Conestoga wagon

Allison
    $1200 19
Margarita

Triple Stumper
    $1200 12
a waterfall

Triple Stumper
    $1200 14
Mary Poppins

Allison
    $1200 17
contemporaries

Triple Stumper
    $1200 5
Barcelona

Allison
    $1600 16
the Northwest Territory

Triple Stumper
    $1600 2
(Allison: Who is Exupéry?)
[Ben did not include "de" in his response.]

Antoine de Saint-Exupéry

AllisonBen
    $1600 1
a pagoda

Allison
    $1600 9
(Michelle) Yeoh

Allison
    $2,000 3
(Ken: Ben?)
(Ben: Sorry.)

forthcoming

Ben
    $1600 7
Fez

Ben
    $2000 21
Cotton Mather

Triple Stumper
    $2000 10
Gilgamesh

Allison
    $2000 13
Lake Placid

Triple Stumper
    $2000 8
The World According to Garp

Kelcy
    $2000 4
a groundling

Allison
    $2000 6
Vieux Carré

Kelcy

Scores at the end of the Double Jeopardy! Round:

Allison Kelcy Ben
$12,400 $7,400 $3,200

[wagering suggestions for these scores]

Final Jeopardy! Round responses

RHYME TIME: OPERA VERSION
(Ken: This is a reference to Verdi, we are describing [*].)
BenWhat is_
$0
KelcyWhat is ?
$2,600
AllisonWhat is Don Juan
$2,401
the Rigoletto libretto

Final scores:

Allison Kelcy Ben
$9,999 $4,800 $3,200
2-day champion: $19,598 2nd place: $3,000 3rd place: $2,000

Game dynamics:

Coryat scores:

Allison Kelcy Ben
$16,400 $7,400 $6,200
23 R,
3 W
(including 1 DD)
11 R,
4 W
10 R,
3 W
(including 2 DDs)

Combined Coryat: $30,000

[game clues] [game scores] [suggest correction]

Game tape date: 2024-04-02
The J! Archive is created by fans, for fans. Scraping, republication, monetization, and malicious use prohibited; this site may use cookies and collect identifying information. See terms. The Jeopardy! game show and all elements thereof, including but not limited to copyright and trademark thereto, are the property of Jeopardy Productions, Inc. and are protected under law. This website is not affiliated with, sponsored by, or operated by Jeopardy Productions, Inc. Join the discussion at JBoard.tv.